Statistical Reports of Region Northeastern Region 1995

Salvato in:
Dettagli Bibliografici
Natura: Libro
Lingua:inglese
thailandese
Pubblicazione: Bangkok National Statistical Office 1995
Edizione:1. ed.
Soggetti:
Tags: Aggiungi Tag
Nessun Tag, puoi essere il primo ad aggiungerne!!

MARC

LEADER 00000nam a2200000 4500
001 c018860
005 20221205133542.9
020 |a 974-236-277-7 
041 0 |a eng 
041 0 |a tha 
044 |a TH 
245 1 0 |a Statistical Reports of Region  |b Northeastern Region 1995 
250 |a 1. ed. 
264 1 |a Bangkok  |b National Statistical Office  |c 1995 
300 |a 237 s. 
610 2 0 |a štatistika 
610 2 0 |a štatistika regionálna 
610 2 0 |a ukazovatele ekonomické 
610 2 0 |a ukazovatele sociálne 
610 2 0 |a ukazovatele štatistické 
610 2 0 |a regióny 
610 2 0 |a Thajsko